| 000 | 00497nam a2200169Ia 4500 | ||
|---|---|---|---|
| 008 | 240729s9999 xx 000 0 und d | ||
| 022 | _a1650-9544 | ||
| 245 | 0 | _aEuropean Journal of Spatial Development | |
| 260 | _aItaly | ||
| 260 | _bPolitecnico di Torino | ||
| 650 | _a Communities. Classes. Races | ||
| 650 | _a Urban groups. The city. Urban sociology | ||
| 650 | _aSocial Sciences | ||
| 856 | _uhttps://doaj.org/toc/ee207bacff634d38b932d996e118f367 | ||
| 942 | _2ddc | ||
| 942 | _cDOAJEJ | ||
| 999 |
_c65616 _d65616 |
||
| 945 |
_a1 _bMadushi Gamage _c1 _dMadushi Gamage |
||